000 00596nam a2200217Ia 4500
003 GCL
008 140319s9999 xx 000 0 eng d
040 _aGCL /
_cGCL
082 0 4 _a932
_bS T
100 1 _aSAVE, SODERBERG, TORGNY
245 1 0 _aTEMPLES AND TOMBS OF ANCIENT NUBIA: THE INTERNATIONAL RESCUE CAMPAIGN AT ABU SIMEL PHILAE /
_cSAVE, SODERBERG, TORGNY
260 _a[S.N] :
_bUNESCO ،
_c1987
300 _a256 P
650 0 4 _aNUBIA
650 0 4 _aANCIENT EGYPT
650 0 4 _aTEMPLES
650 0 4 _aABU SIMBEL
650 0 4 _aANCIENT CAIRO
650 0 4 _aPHILAE
942 _2ddc
_cBK
999 _c25067
_d25067